| 000 | 00637cab a2200181 4500 | ||
|---|---|---|---|
| 001 | L135867 | ||
| 008 | 061213n2006 000 0 eng u | ||
| 035 | _a(Sirsi) u135867 | ||
| 041 | 0 | _aeng | |
| 245 | 0 | 0 | _aProperty's top 100 women |
| 260 | _c2006 | ||
| 490 | 0 |
_aProperty Week _v71(48) 01 December 2006, 41-52(11) |
|
| 520 | _aThe results from a web-poll. Shows women to occupy some of the most powerful positions in the industry. The top 10 is dominated by politicians and business women who are involved in Britain's built environment sector. | ||
| 590 | _aKA | ||
| 651 | 4 |
_aUnited Kingdom _y |
|
| 690 | _aPROPERTY | ||
| 942 | _n0 | ||
| 999 |
_c78051 _d78051 |
||